<?xml version="1.0" encoding="UTF-8"?>
<record
    xmlns:xsi="http://www.w3.org/2001/XMLSchema-instance"
    xsi:schemaLocation="http://www.loc.gov/MARC21/slim http://www.loc.gov/standards/marcxml/schema/MARC21slim.xsd"
    xmlns="http://www.loc.gov/MARC21/slim">

  <leader>02175nam a22002897a 4500</leader>
  <controlfield tag="001">1527</controlfield>
  <controlfield tag="003">FISKH</controlfield>
  <controlfield tag="005">20250527161616.0</controlfield>
  <controlfield tag="008">230904b        cb ||||| |||| 00| 0 khr d</controlfield>
  <datafield tag="020" ind1=" " ind2=" ">
    <subfield code="a">9789995054861</subfield>
  </datafield>
  <datafield tag="040" ind1=" " ind2=" ">
    <subfield code="a">FISKH </subfield>
    <subfield code="b">eng</subfield>
    <subfield code="c">FISKH </subfield>
    <subfield code="d">FISKH </subfield>
  </datafield>
  <datafield tag="082" ind1=" " ind2=" ">
    <subfield code="a">796.53</subfield>
  </datafield>
  <datafield tag="100" ind1=" " ind2=" ">
    <subfield code="a">Mengchheang, Sungheng </subfield>
  </datafield>
  <datafield tag="245" ind1=" " ind2=" ">
    <subfield code="a">&#x1797;&#x17B6;&#x1782;&#x1781;&#x17B6;&#x1784;&#x178F;&#x17D2;&#x1794;&#x17BC;&#x1784;&#x1793;&#x17B7;&#x1784;&#x178F;&#x17C6;&#x1794;&#x1793;&#x17CB;&#x1798;&#x17B6;&#x178F;&#x17CB;&#x179F;&#x1798;&#x17BB;&#x1791;&#x17D2;&#x179A;&#x1780;&#x1798;&#x17D2;&#x1796;&#x17BB;&#x1787;&#x17B6;&#x200B; / </subfield>
    <subfield code="b">&#x1799;&#x179B;&#x17CB;&#x178A;&#x17B9;&#x1784;&#x1796;&#x17B8;:</subfield>
    <subfield code="c">&#x1793;&#x17B7;&#x1796;&#x1793;&#x17D2;&#x1792;&#x178A;&#x17C4;&#x1799; &#x179F;&#x17CA;&#x17BB;&#x1793;&#x17A0;&#x17C1;&#x1784; &#x1798;&#x17C9;&#x17C1;&#x1784;&#x1788;&#x17B6;&#x1784; &#x200B;- &#x17A2;&#x178F;&#x17D2;&#x1790;&#x1794;&#x1791;&#x17A2;&#x17C6;&#x1796;&#x17B8;&#x1781;&#x17C1;&#x178F;&#x17D2;&#x178F;&#x1780;&#x178E;&#x17D2;&#x178A;&#x17B6;&#x179B; &#x1780;&#x17C6;&#x1796;&#x1784;&#x17CB;&#x179F;&#x17D2;&#x1796;&#x17BA; &#x179F;&#x17D2;&#x179C;&#x17B6;&#x1799;&#x179A;&#x17C0;&#x1784; &#x178A;&#x17C4;&#x1799; &#x179F;&#x17CA;&#x17BB;&#x1793; &#x179F;&#x17BB;&#x1782;&#x1793;&#x17D2;&#x1792;&#x1798;&#x17B6;&#x179B;&#x17B6;&#x200B; </subfield>
  </datafield>
  <datafield tag="250" ind1=" " ind2=" ">
    <subfield code="a">&#x1794;&#x17C4;&#x17C7;&#x1796;&#x17BB;&#x1798;&#x17D2;&#x1796;&#x179B;&#x17BE;&#x1780;&#x1791;&#x17B8; &#x17E4; &#x179C;&#x17B7;&#x1785;&#x17D2;&#x1786;&#x17B7;&#x1780;&#x17B6; &#x17E2;&#x17E0;&#x17E1;&#x17E9; </subfield>
  </datafield>
  <datafield tag="260" ind1=" " ind2=" ">
    <subfield code="a">Phnom Penh : </subfield>
    <subfield code="b">Sipar, </subfield>
    <subfield code="c">2019. </subfield>
  </datafield>
  <datafield tag="300" ind1=" " ind2=" ">
    <subfield code="a">39 pages : </subfield>
    <subfield code="b">map ; color illustrations ; </subfield>
    <subfield code="c">20 cm</subfield>
  </datafield>
  <datafield tag="490" ind1=" " ind2=" ">
    <subfield code="a">&#x1781;&#x17D2;&#x1789;&#x17BB;&#x17C6;&#x1785;&#x1784;&#x17CB;&#x178A;&#x17B9;&#x1784;</subfield>
  </datafield>
  <datafield tag="505" ind1=" " ind2=" ">
    <subfield code="a">Z'
</subfield>
  </datafield>
  <datafield tag="520" ind1=" " ind2=" ">
    <subfield code="a">&#x179F;&#x17D2;&#x179C;&#x17C2;&#x1784;&#x1799;&#x179B;&#x17CB;&#x1796;&#x17B8;&#x1797;&#x17B6;&#x1782;&#x1781;&#x17B6;&#x1784;&#x178F;&#x17D2;&#x1794;&#x17BC;&#x1784; &#x1793;&#x17B7;&#x1784;&#x1786;&#x17D2;&#x1793;&#x17C1;&#x179A;&#x179F;&#x1798;&#x17BB;&#x1791;&#x17D2;&#x179A;&#x1793;&#x17C3;&#x1794;&#x17D2;&#x179A;&#x1791;&#x17C1;&#x179F;&#x1780;&#x1798;&#x17D2;&#x1796;&#x17BB;&#x1787;&#x17B6; &#x1795;&#x17D2;&#x178F;&#x179B;&#x17CB;&#x1796;&#x17D0;&#x178F;&#x17CC;&#x1798;&#x17B6;&#x1793;&#x17A2;&#x17C6;&#x1796;&#x17B8;&#x1787;&#x17B8;&#x179C;&#x17B7;&#x178F;&#x1793;&#x17C3;&#x178F;&#x17C6;&#x1794;&#x1793;&#x17CB;&#x1797;&#x17B6;&#x1782;&#x1781;&#x17B6;&#x1784;&#x178F;&#x17D2;&#x1794;&#x17BC;&#x1784; &#x1793;&#x17B7;&#x1784;&#x1786;&#x17D2;&#x1793;&#x17C1;&#x179A;&#x179F;&#x1798;&#x17BB;&#x1791;&#x17D2;&#x179A;&#x1785;&#x17B6;&#x1794;&#x17CB;&#x1795;&#x17D2;&#x178F;&#x17BE;&#x1798;&#x1796;&#x17B8;&#x1781;&#x17C1;&#x178F;&#x17D2;&#x178F;&#x1780;&#x178E;&#x17D2;&#x178F;&#x17B6;&#x179B; &#x1796;&#x17D2;&#x179A;&#x17C3;&#x179C;&#x17C2;&#x1784; &#x179F;&#x17D2;&#x179C;&#x17B6;&#x1799;&#x179A;&#x17C0;&#x1784; &#x1780;&#x17C6;&#x1796;&#x1784;&#x17CB;&#x179F;&#x17D2;&#x1796;&#x17BA; &#x178F;&#x17B6;&#x1780;&#x17C2;&#x179C; &#x1780;&#x17C4;&#x17C7;&#x1780;&#x17BB;&#x1784; &#x1796;&#x17D2;&#x179A;&#x17C7;&#x179F;&#x17B8;&#x17A0;&#x1793;&#x17BB; &#x1780;&#x17C6;&#x1796;&#x178F; &#x1780;&#x17C2;&#x1794; &#x1793;&#x17B7;&#x1784;&#x179C;&#x17C0;&#x178F;&#x178E;&#x17B6;&#x1798; &#x178A;&#x17C2;&#x179B;&#x1787;&#x17B6;&#x1794;&#x17D2;&#x179A;&#x1791;&#x17C1;&#x179F;&#x1787;&#x17B7;&#x178F;&#x1781;&#x17B6;&#x1784;&#x179A;&#x1794;&#x179F;&#x17CB;&#x1799;&#x17BE;&#x1784;&#x17D4;</subfield>
  </datafield>
  <datafield tag="520" ind1=" " ind2=" ">
    <subfield code="a">The book provides information about life in the southern and coastal areas of Cambodia. It starts from Kandal, Prey Veng, Svay Rieng, Kampong Speu, Takeo, Koh Kong, Sihanouk Ville, Kampot, Kep, and Vietnam, a neighboring country. </subfield>
  </datafield>
  <datafield tag="521" ind1="8" ind2=" ">
    <subfield code="a">1000
</subfield>
    <subfield code="b">Lexile estimate
</subfield>
  </datafield>
  <datafield tag="521" ind1="8" ind2=" ">
    <subfield code="a">Z'
</subfield>
    <subfield code="b">Raz-Plus
</subfield>
  </datafield>
  <datafield tag="650" ind1=" " ind2=" ">
    <subfield code="a">&#x1792;&#x1798;&#x17D2;&#x1798;&#x1787;&#x17B6;&#x178F;&#x17B7; </subfield>
    <subfield code="v">&#x1786;&#x17D2;&#x1793;&#x17C1;&#x179A;&#x179F;&#x1798;&#x17BB;&#x1791;&#x17D2;&#x179A; </subfield>
    <subfield code="x">&#x1794;&#x17C9;&#x17C2;&#x1780;&#x1781;&#x17B6;&#x1784;&#x178F;&#x17D2;&#x1794;&#x17BC;&#x1784; </subfield>
  </datafield>
  <datafield tag="650" ind1=" " ind2=" ">
    <subfield code="a">Nature </subfield>
    <subfield code="v">Coastal area </subfield>
    <subfield code="x">Southern </subfield>
  </datafield>
  <datafield tag="942" ind1=" " ind2=" ">
    <subfield code="2">ddc</subfield>
    <subfield code="c">BK</subfield>
    <subfield code="n">0</subfield>
  </datafield>
  <datafield tag="999" ind1=" " ind2=" ">
    <subfield code="c">1527</subfield>
    <subfield code="d">1527</subfield>
  </datafield>
  <datafield tag="952" ind1=" " ind2=" ">
    <subfield code="0">0</subfield>
    <subfield code="1">0</subfield>
    <subfield code="2">ddc</subfield>
    <subfield code="4">0</subfield>
    <subfield code="7">0</subfield>
    <subfield code="8">KHMERNF</subfield>
    <subfield code="a">001</subfield>
    <subfield code="b">001</subfield>
    <subfield code="c">RHTK2</subfield>
    <subfield code="d">2023-09-04</subfield>
    <subfield code="l">0</subfield>
    <subfield code="o">MEN 796.53</subfield>
    <subfield code="p">2023-0460</subfield>
    <subfield code="r">2023-09-04 08:48:49</subfield>
    <subfield code="t">1</subfield>
    <subfield code="w">2023-09-04</subfield>
    <subfield code="y">KHB</subfield>
  </datafield>
  <datafield tag="952" ind1=" " ind2=" ">
    <subfield code="0">0</subfield>
    <subfield code="1">0</subfield>
    <subfield code="2">ddc</subfield>
    <subfield code="4">0</subfield>
    <subfield code="7">0</subfield>
    <subfield code="8">KHMERNF</subfield>
    <subfield code="a">001</subfield>
    <subfield code="b">001</subfield>
    <subfield code="c">RHTK2</subfield>
    <subfield code="d">2023-09-04</subfield>
    <subfield code="l">0</subfield>
    <subfield code="o">MEN 796.53</subfield>
    <subfield code="p">2023-0461</subfield>
    <subfield code="r">2025-11-21 14:14:54</subfield>
    <subfield code="t">2</subfield>
    <subfield code="w">2023-09-04</subfield>
    <subfield code="y">KHB</subfield>
  </datafield>
  <datafield tag="952" ind1=" " ind2=" ">
    <subfield code="0">0</subfield>
    <subfield code="1">0</subfield>
    <subfield code="2">ddc</subfield>
    <subfield code="4">0</subfield>
    <subfield code="7">0</subfield>
    <subfield code="8">KHMERNF</subfield>
    <subfield code="a">001</subfield>
    <subfield code="b">001</subfield>
    <subfield code="c">RHTK2</subfield>
    <subfield code="d">2023-09-04</subfield>
    <subfield code="l">0</subfield>
    <subfield code="o">MEN 796.53</subfield>
    <subfield code="p">FISTK03726</subfield>
    <subfield code="r">2023-10-10 09:08:15</subfield>
    <subfield code="t">3</subfield>
    <subfield code="w">2023-09-04</subfield>
    <subfield code="y">KHB</subfield>
  </datafield>
  <datafield tag="952" ind1=" " ind2=" ">
    <subfield code="0">0</subfield>
    <subfield code="1">0</subfield>
    <subfield code="2">ddc</subfield>
    <subfield code="4">0</subfield>
    <subfield code="7">0</subfield>
    <subfield code="8">KHMERNF</subfield>
    <subfield code="a">001</subfield>
    <subfield code="b">001</subfield>
    <subfield code="c">OKHR</subfield>
    <subfield code="d">2024-03-26</subfield>
    <subfield code="l">1</subfield>
    <subfield code="o">MEN 796.53</subfield>
    <subfield code="p">FISTK03727</subfield>
    <subfield code="r">2025-06-19 13:14:48</subfield>
    <subfield code="s">2025-05-26</subfield>
    <subfield code="t">4</subfield>
    <subfield code="w">2024-03-26</subfield>
    <subfield code="y">KHB</subfield>
  </datafield>
  <datafield tag="952" ind1=" " ind2=" ">
    <subfield code="0">0</subfield>
    <subfield code="1">0</subfield>
    <subfield code="2">ddc</subfield>
    <subfield code="4">0</subfield>
    <subfield code="7">0</subfield>
    <subfield code="8">KHMERNF</subfield>
    <subfield code="a">002</subfield>
    <subfield code="b">002</subfield>
    <subfield code="c">SKB</subfield>
    <subfield code="d">2024-03-26</subfield>
    <subfield code="l">0</subfield>
    <subfield code="o">MEN 796.53</subfield>
    <subfield code="p">FIS20500</subfield>
    <subfield code="r">2024-09-20 12:06:31</subfield>
    <subfield code="t">4</subfield>
    <subfield code="w">2024-03-26</subfield>
    <subfield code="y">KHB</subfield>
  </datafield>
  <datafield tag="952" ind1=" " ind2=" ">
    <subfield code="0">0</subfield>
    <subfield code="1">0</subfield>
    <subfield code="2">ddc</subfield>
    <subfield code="4">0</subfield>
    <subfield code="7">0</subfield>
    <subfield code="8">KHMERNF</subfield>
    <subfield code="a">002</subfield>
    <subfield code="b">002</subfield>
    <subfield code="c">TTP Khmer</subfield>
    <subfield code="d">2024-03-26</subfield>
    <subfield code="l">1</subfield>
    <subfield code="o">MEN 796.53</subfield>
    <subfield code="p">FISSE02333</subfield>
    <subfield code="r">2025-03-11 16:33:19</subfield>
    <subfield code="s">2025-03-11</subfield>
    <subfield code="t">5</subfield>
    <subfield code="w">2024-03-26</subfield>
    <subfield code="y">KHB</subfield>
  </datafield>
  <datafield tag="952" ind1=" " ind2=" ">
    <subfield code="0">0</subfield>
    <subfield code="1">0</subfield>
    <subfield code="2">ddc</subfield>
    <subfield code="4">0</subfield>
    <subfield code="7">0</subfield>
    <subfield code="8">KHMERNF</subfield>
    <subfield code="a">002</subfield>
    <subfield code="b">002</subfield>
    <subfield code="c">SKB</subfield>
    <subfield code="d">2025-04-01</subfield>
    <subfield code="l">0</subfield>
    <subfield code="o">MEN 796.53</subfield>
    <subfield code="p">FIS03963</subfield>
    <subfield code="r">2025-04-01 08:39:58</subfield>
    <subfield code="t">6</subfield>
    <subfield code="w">2025-04-01</subfield>
    <subfield code="y">KHB</subfield>
  </datafield>
</record>
